| 000 | 00570nam a22001937a 4500 | ||
|---|---|---|---|
| 999 |
_c442525 _d442525 |
||
| 003 | UA-OsUOA | ||
| 005 | 20191016140245.0 | ||
| 008 | 191016b un ||||| |||| 00| 0 ukr d | ||
| 040 |
_aUA-OsUOA _bukr _cUA-OsUOA _dUA-OsUOA |
||
| 041 | _aukr | ||
| 080 | _a821.161.1 | ||
| 090 |
_a821.161.1 _bА82 |
||
| 100 | _aАрдаматский В. | ||
| 245 |
_aЛенинградская зима _bповесть _cВасилий Ардаматский |
||
| 260 |
_aМосква _bМолодая гвардия _c1971 |
||
| 300 | _a286 с. | ||
| 942 |
_2udc _cBK |
||
| 955 | _a3 | ||